Statystyki dla Miasta Hiszpanii A-Z

Kliknij tutaj aby rozwiązać quiz!

Ogólne statystyki

  • Ten quiz został rozwiązany 98 razy
  • Średni wynik to 7 z 25

Statystyki odpowiedzi

Litera AlfabetuRegionMiasto% Poprawnych
BKataloniaBarcelona
99%
MMadrytMadryt
94%
WWalencjaWalencja
75%
SAndaluzjaSewilla
70%
AWalencjaAlicante
43%
LWyspy KanaryjskieLas Palmas
43%
PBalearyPalma/Palma de Mallorca
33%
KAndaluzjaKordowa/Kordoba
31%
OAsturiaOviedo
31%
EWalencjaElx/Elche
30%
GAsturiaGijon/Gijón
27%
VKastylia-LeonValladolid
26%
HAndaluzjaHuelva
18%
JAndaluzjaJerez de la Frontera/Jerez
13%
CWalencjaCastellon de la Plana/Castello de la Plana/Castellon/Castellón/Castellón de la Plana/Castelló de la Plana
10%
FMadrytFuenlabrada
8%
IBaskoniaIrun
8%
RKataloniaReus
6%
TKataloniaTerrassa
6%
ZKastylia-LeonZamora
6%
DAndaluzjaDos Hermanas
4%
UAndaluzjaUbeda
1%
NMadrytNavalcarnero
0%
QMadrytQuijorna
0%
YMurcjaYecla
0%

Rozkład punktacji

Percentyl według liczby udzielonych odpowiedzi

Procent ludzi z każdym wynikiem

Twoja historia wyników

Nie rozwiązałeś tego quizu